00777 a2200193 4500003000500000005001700005010001700022020001500039040000900054082001600063100002500079245009200104250001200196260005500208300005600263505021300319650003400532651001700566Nust20221209090940.0 a 2001023488 a8120322290 cNust00a621.382,SCH1 aSchweber, William L.10aElectronic communication systems : (Include CD)ba complete course /cWilliam Schweber. a4th ed. aUpple Saddle River, N.J. :bPrentice Hall,cc2002. axii, 820 p. :bill. ;c27 cm. +e1 CD-ROM (43/4 in) aSpectrum, Noise and Modulation (Page-1), Media Transmission Lines and Wave Propagation (Page-182), Digital Systems (Page-276), Communications Systems and Applications (Page-388), Broadband Systems (Page-678). 0aTelecommunication Engineering a(Include CD)